The state, the crisis of state institutions, and refugee migration in the Horn of Africa : the cases of Ethiopia, Sudan, and Somalia /

Bibliographic Details
Main Author: Degu, Wondem Asres
Format: Book
Language:English
Published: Trenton, NJ : Red Sea Press, [2007]
Subjects:
Online Access:Table of contents only

MARC

Tag First Indicator Second Indicator Subfields
LEADER 00000pam a22000004a 4500
001 in00002201871
005 20151104115524.0
008 060608s2007 nju b 001 0 eng
010 |a  2006019053 
020 |a 1569022364 (cloth) 
020 |a 1569022372 (pbk.) 
029 1 |a YDXCP  |b 2225120 
035 |a (OCoLC)ocm70114512 
035 |a (OCoLC)70114512 
040 |a DLC  |c DLC  |d YDX  |d BTCTA  |d YDXCP  |d UtOrBLW 
043 |a fh----- 
049 |a TXAM 
050 0 0 |a HV640.4.A3553  |b D44 2007 
082 0 0 |a 320.963  |2 22 
100 1 |a Degu, Wondem Asres. 
245 1 4 |a The state, the crisis of state institutions, and refugee migration in the Horn of Africa :  |b the cases of Ethiopia, Sudan, and Somalia /  |c Wondem Asres. 
264 1 |a Trenton, NJ :  |b Red Sea Press,  |c [2007] 
264 4 |c ©2007 
300 |a xiv, 446 pages ;  |c 23 cm. 
336 |a text  |b txt  |2 rdacontent 
337 |a unmediated  |b n  |2 rdamedia 
338 |a volume  |b nc  |2 rdacarrier 
504 |a Includes bibliographical references (pages [389]-435) and index. 
505 0 |a The state, refugee migration and IR theories -- The social construction of the state and the crisis of the real existing state in Africa -- Critical conceptualization of the idea of a refugee -- Typology, characteristics and magnitude of refugee migration in the Horn of Africa -- The state, its crisis (failure/collapse) and refugee migration -- Factors for the crisis (failure/collapse) of the real existing state in Africa -- Political development in the pre-colonial Horn of Africa -- Colonialism in the Horn of Africa -- Post-colonial development -- Conclusion. 
650 0 |a Refugees  |z Africa, Northeast. 
651 0 |a Africa, Northeast  |x Politics and government  |y 1974- 
650 0 |a Political stability  |z Africa, Northeast. 
650 0 |a Legitimacy of governments  |z Africa, Northeast. 
856 4 1 |3 Table of contents only  |u http://www.loc.gov/catdir/toc/ecip0615/2006019053.html  |t 0 
938 |a Baker and Taylor  |b BTCP  |n 2006019053 
938 |a YBP Library Services  |b YANK  |n 2225120 
945 |a PromptCat  |b 30450 
946 |a stk 
947 |a A14835488955 
948 |a cataloged  |b h  |c 2007/1/5  |d c  |e rbarron  |f 12:21:39 pm 
994 |a 92  |b TXA 
999 |a MARS 
999 f f |s 18c0b96a-9bc5-3fc5-a87f-987032d2d03a  |i 856b6568-6e93-3555-acb1-a4fb415b609d  |t 0 
952 f f |p ric  |a Texas A&M University  |b Rellis Campus  |c Joint Library Facility  |d Remote Storage  |t 0  |e HV640.4.A3553 D44 2007  |h Library of Congress classification  |i unmediated -- volume  |m A14835488955 
998 f f |a HV640.4.A3553 D44 2007  |t 0  |l Remote Storage